01256 2200205 4500001002100000005001500021035002000036008004100056245004800097100001300145250000600158260003800164300001200202084001400214082000800228650001000236520078000246990001201026990001201038INLIS00000000000129720240521101133 a0010-0524000532240521 1 ind 1 aThe Sadness ( Winter In Korea ) /cRizki De aRizki De a1 aYogyakarta :bSheila/ Andi,c2012 a466 hlm a813 RIZ t a813 4aFiksi aKebanyakan orang pasti menyukai artis, tapi tidak dengan Park Yoona. Baginya mereka adalah makhluk bermuka dua yang selalu membuat dirinya naik darah. Niatnya untuk mencari inspirasi baru malah terganggu dengan kehadiran makhluk yang paling dibencinya itu. Mereka adalah artis tenar ikon baru Seoul, Ji sun, Jung Yong, dan Kevin. Di tengah situasi kacau balau itulah Yoona bertemu dengan lelaki misterius. Yoona selalu terhipnotis hingga sanggup melupakan masa lalunya yang kelabu tiap kali bertemu lelaki itu. Lalu diam-diam perasaan cinta lahir. Hanya saja Yoona belum bisa memastikan cinta itu untuk siapa. Apakah untuk Ji sun, Jung Yong, Kevin, atau lelaki misterius itu. Yoona hanya bisa pastikan dia menginginkan cerita cinta yang bahagia. Akankah Yoona mendapatkannya? a0741436 a0741437